1990s Movies - Sudden Death - Statistics

General Stats
  • This quiz has been taken 30,892 times
    29,590 since last reset
  • The average score is 14 of 28
Answers on the Grid
Answers color-coded by a green-red scale on the quiz's grid according to % correct below.
A Few Good Men
Aladdin
Apollo 13
Armageddon
Back to the Future
Braveheart
Bruce Almighty
Con Air
Die Hard
Elf
Forrest Gump
Good Will Hunting
Goodfellas
Groundhog Day
Home Alone
Independence Day
Jumanji
Jurassic Park
Kill Bill: Volume 1
Lethal Weapon
Lost in Translation
Men in Black
Mission: Impossible
Mrs. Doubtfire
Pulp Fiction
Rain Man
Saving Private Ryan
Scream
Sleepless in Seattle
Spider-Man
The Karate Kid
The Lion King
The Matrix
The Notebook
The Princess Bride
The Revenant
The Santa Clause
The Truman Show
Titanic
Top Gun
Toy Story
Transformers
Walk the Line
Wild Wild West
 
Answer Stats
Answer % Correct
1994 Forrest Gump
69%
1992 Aladdin
65%
1993 Jurassic Park
62%
1997 Good Will Hunting
60%
1994 Pulp Fiction
59%
1997 Titanic
59%
1990 Home Alone
58%
1995 Braveheart
55%
1995 Apollo 13
54%
1995 Jumanji
54%
1994 The Lion King
54%
1995 Toy Story
54%
1997 Men in Black
53%
1999 The Matrix
53%
1998 Armageddon
52%
1996 Independence Day
51%
1992 A Few Good Men
50%
1998 Saving Private Ryan
48%
1993 Mrs. Doubtfire
47%
1998 The Truman Show
47%
1990 Goodfellas
43%
1996 Scream
42%
1993 Groundhog Day
41%
1996 Mission: Impossible
41%
1997 Con Air
37%
1993 Sleepless in Seattle
35%
1999 Wild Wild West
26%
1994 The Santa Clause
25%
No matching quizzes found
Score Distribution
Percent of People with Each Score
Percentile by Number Answered
Your Score History
You have not taken this quiz since the last reset